Študijný program Fakulty hospodárskej informatiky EU v Bratislave Akademický rok 1992/1993
Gespeichert in:
| Format: | Buch |
|---|---|
| Sprache: | Slowakisch |
| Veröffentlicht: |
Bratislava
EU
1992
|
| Ausgabe: | 1. vyd. |
| Schlagworte: | |
| Tags: |
Keine Tags, Fügen Sie das erste Tag hinzu!
|
MARC
| LEADER | 00000nam a2200000 4500 | ||
|---|---|---|---|
| 001 | c001326 | ||
| 005 | 20221214090721.7 | ||
| 020 | |a 80-225-0432-7 | ||
| 041 | 0 | |a slo | |
| 044 | |a SK | ||
| 245 | 1 | 0 | |a Študijný program Fakulty hospodárskej informatiky EU v Bratislave |b Akademický rok 1992/1993 |
| 250 | |a 1. vyd. | ||
| 264 | 1 | |a Bratislava |b EU |c 1992 | |
| 300 | |a 63 s. | ||
| 610 | 2 | 0 | |a odbory študijné |
| 610 | 2 | 0 | |a štúdium vysokoškolské |
| 610 | 2 | 0 | |a Ekonomická univerzita v Bratislave |
| 610 | 2 | 0 | |a informatika ekonomická |
| 610 | 2 | 0 | |a 1992-1993 |
| 610 | 2 | 0 | |a plán učebný |